00214nam a2200073Ia 4500008004100000082001300041100002100054245006500075240331s9999 xx 000 0 und d a016bWOM aRoyal Tropic. ed 0aWomen and development :ban annotated bibliography 1990-1992